00345nam a22001457a 450000500170000000800040001702000290002104000140005008200110006410000160007524500540009126000230014530000200016852100110018820220512102014.0eng a9780603567025qPAPERBACK aRDAc3228 aJ BLYT aEnid Blyton aThe Mystery of the Missing Necklacec Enid Blyton aLondonbDEANc2015 a218 pagesc18cm aJUNIOR